| 000 -LEADER |
| fixed length control field |
00944cam a2200229 i 4500 |
| 001 - CONTROL NUMBER |
| control field |
19095125 |
| 005 - DATE AND TIME OF LATEST TRANSACTION |
| control field |
20221105214313.0 |
| 008 - FIXED-LENGTH DATA ELEMENTS--GENERAL INFORMATION |
| fixed length control field |
160512s2017 mou b 001 0 eng |
| 020 ## - INTERNATIONAL STANDARD BOOK NUMBER |
| International Standard Book Number |
9780323396202 1 |
| 041 ## - LANGUAGE CODE |
| Language code of text/sound track or separate title |
eng |
| 080 ## - UNIVERSAL DECIMAL CLASSIFICATION NUMBER |
| Universal Decimal Classification number |
612.76 M-97 |
| 100 1# - MAIN ENTRY--PERSONAL NAME |
| Personal name |
Muscolino, Joseph E., |
| Relator term |
|
| 9 (RLIN) |
8629 |
| 245 10 - TITLE STATEMENT |
| Title |
Kinesiology : |
| Remainder of title |
the skeletal system and muscle function / |
| Statement of responsibility, etc. |
Joseph E. Muscolino, DC, Instructor, Purchase College, State University of New York, Purchase, New York, Owner, The Art and Science of Kinesiology, Stamford, Connecticut. |
| 250 ## - EDITION STATEMENT |
| Edition statement |
3rd edition. |
| 264 #1 - PRODUCTION, PUBLICATION, DISTRIBUTION, MANUFACTURE, AND COPYRIGHT NOTICE |
| Place of production, publication, distribution, manufacture |
St. Louis : |
| Name of producer, publisher, distributor, manufacturer |
Elsevier Inc., |
| Date of production, publication, distribution, manufacture, or copyright notice |
2017. |
| 300 ## - PHYSICAL DESCRIPTION |
| Extent |
742 pages ; |
| Dimensions |
28 cm. |
| 504 ## - BIBLIOGRAPHY, ETC. NOTE |
| Bibliography, etc. note |
Includes bibliographical references and index. |
| 653 ## - INDEX TERM--UNCONTROLLED |
| keyword |
კინეზიოლოგია |
| 653 ## - INDEX TERM--UNCONTROLLED |
| keyword |
ადამიანის ძვალ-სახსროვანი სისტემები |
| 653 ## - INDEX TERM--UNCONTROLLED |
| keyword |
მედიცინა |
| 942 ## - ADDED ENTRY ELEMENTS (KOHA) |
| Source of classification or shelving scheme |
|
| Koha item type |
წიგნი |